Entry Nombre personal
001 - NÚMERO DE CONTROL
- campo de control: 234963
003 - IDENTIFICADOR DE NÚMERO DE CONTROL
- campo de control: SpMaBN
005 - FECHA Y HORA DE LA ÚLTIMA TRANSACCIÓN
- campo de control: 20240126213410.0
008 - ELEMENTOS DE DATO DE LONGITUD-FIJA
- campo de control de longitud fija: 971209n| aijnnaabn |a aaa
016 ## - NÚMERO DE CONTROL DE UNA AGENCIA BIBLIOGRÁFICA NACIONAL
- Número de control del registro: BNE19974561365
024 7# - IDENTIFICADOR DE OTROS ESTÁNDARES
- Número estándar o código: http://viaf.org/viaf/63269820/
- Fuente: viaf
024 7# - IDENTIFICADOR DE OTROS ESTÁNDARES
- Número estándar o código: https://isni.org/isni/0000000078281499
- Fuente: isni
024 7# - IDENTIFICADOR DE OTROS ESTÁNDARES
- Número estándar o código: http://www.wikidata.org/entity/Q107252323
- Fuente: wikidata
040 ## - FUENTE DE CATALOGACIÓN
- Centro catalogador/agencia de origen: SpMaBN
- Lengua de catalogación: spa
- Centro/agencia transcriptor: SpMaBN
- Normas de descripción: rdc
- Convención/Normas de encabezamiento de materia/tesauro: embne
046 ## - FECHAS CON CODIFICACIÓN ESPECIAL
- Fecha de nacimiento: 1963
100 1# - ENCABEZAMIENTO-NOMBRE DE PERSONA
- Nombre de persona: Alejandre, Jaime,
- Fechas asociadas al nombre: 1963-
370 ## - LUGAR ASOCIADO
- Lugar de nacimiento: España, Castilla y León, Burgos (Provincia), Burgos
- Fuente del término: embne
372 ## - CAMPO DE ACTIVIDAD
- Campo de actividad: Literatura española
- Fuente del término: tgfbne
372 ## - CAMPO DE ACTIVIDAD
- Campo de actividad: Poesías
- Fuente del término: tgfbne
374 ## - OCUPACIÓN
- Ocupación: Escritores españoles
- Ocupación: Poetas
- Fuente del término: embne
375 ## - GÉNERO/SEXO
- Género: Masculino
377 ## - IDIOMA ASOCIADO
- Término de lengua/lenguaje: Español
400 1# - TRAZADO DE VÉASE--NOMBRE DE PERSONA
- Nombre de persona: Alejandre Martínez, Jaime,
- Fechas asociadas al nombre: 1963-
670 ## - FUENTE DE DATOS ENCONTRADOS
- Cita de la fuente: IV Premio de narraciones breves Alberto Lista, 1997
- Información encontrada: portada (Jaime Alejandre)
670 ## - FUENTE DE DATOS ENCONTRADOS
- Cita de la fuente: El alfabeto matemático, 2000
- Información encontrada: portada (Jaime Alejandre) solapa (nacido en 1963; escribe relato y poesía)
670 ## - FUENTE DE DATOS ENCONTRADOS
- Cita de la fuente: WWW Lecturalia, 10-5-2019
- Información encontrada: (Jaime Alejandre. Autor, poeta y ensayista. Pertenece al Cuerpo Superior de Administradores Civiles del Estado, y ha ocupado numerosos cargos públicos, como Observador de la ONU en Angola o Vicepresidente de la Agencia Europea del Medio Ambiente)
- Identificador Uniforme de Recursos: http://www.lecturalia.com/autor/5596/jaime-alejandre
670 ## - FUENTE DE DATOS ENCONTRADOS
- Cita de la fuente: WWW La Información, consultado 10-5-2019
- Información encontrada: 7-5-2010 (Jaime Alejandre Martínez, nació el 31 de marzo de 1963 en Burgos y pertenece al Cuerpo Superior de Administradores Civiles del Estado)
- Identificador Uniforme de Recursos: https://www.lainformacion.com/politica/armas-biologicas-y-quim icas/jaime-alejandre-nuevo-director-general-de-discapacidad_qdVW IUaUOA6k18qPUmjEw/
